Markets (Record no. 83191)

MARC details
000 -LEADER
fixed length control field 01136cab a22001935a 4500
001 - CONTROL NUMBER
control field L153109
008 - FIXED-LENGTH DATA ELEMENTS--GENERAL INFORMATION
fixed length control field 110608e2011 xxk 000 0 eng d
035 ## - SYSTEM CONTROL NUMBER
System control number (Sirsi) u153109
041 0# - LANGUAGE CODE
Language code of text/sound track or separate title eng
100 1# - MAIN ENTRY--PERSONAL NAME
Personal name Eade, Christine
245 00 - TITLE STATEMENT
Title Markets
Remainder of title Essex
260 ## - PUBLICATION, DISTRIBUTION, ETC.
Date of publication, distribution, etc. 2011
490 #0 - SERIES STATEMENT
Series statement Property Week
Volume/sequential designation 77(21) 27 May 2011, 41-48(4)
520 ## - SUMMARY, ETC.
Summary, etc. Sainsbury's hopes to redevelop Southend United's Roots Hall stadium as a store with a new stadium being developed at the club's Fossetts Farm training ground. Lakeside Shopping Centre celebratesc its 21st anniversary on 25 October 2011. Basildon's Sporting Village, the £38m publicly funded Olympic training facility has opened its doors and Barratt Homes plan to build 123 houses at the vacated sports facilities in Gloucester Park, Basildon. Kingsway International Christian Centre is waiting on permission to convert a former rubber and plastics factory in West Thurrock into its new church. Morrisons will be the 36 000 sq ft anchor of Laindon town centre.
590 ## - LOCAL NOTE (RLIN)
Local note KA
651 #4 - SUBJECT ADDED ENTRY--GEOGRAPHIC NAME
Geographic name Essex
690 ## - LOCAL SUBJECT ADDED ENTRY--TOPICAL TERM (OCLC, RLIN)
Topical term or geographic name as entry element PROPERTY-COMMERCIAL PROPERTY-COMMERCIAL PROPERTY MARKET
942 ## - ADDED ENTRY ELEMENTS (KOHA)
Suppress in OPAC 0
Holdings
Withdrawn status Lost status Source of classification or shelving scheme Damaged status Not for loan Home library Current library Shelving location Date acquired Total Checkouts Full call number Barcode Date last seen Copy number Price effective from Koha item type
    Dewey Decimal Classification     London London Journal article 08/06/2011   L153109 153109-1001 06/08/2019 1 06/08/2019 Journal article